000 00680nam a2200241Ia 4500
003 OSt
005 20220925215409.0
006 a|||||r|||| 00| 0
007 ta
008 220923b |||||||| |||| 00| 0 eng d
037 _cGeneral Book
040 _aRTL
_cRTL
_beng
041 _2eng
_aeng
082 _aX9:6.3.N7, L1
110 _aGreat Britain, Information (Central office of...)
245 0 _aBritish financial institutions
260 _aLondon
_bHMSO
_c1971
300 _a84p.
_ccm.
650 _aFinancing
700 _aGreat Britain, Information (Central office of...)
942 _hX9:6.3.N7, L1
_cGB
_2CC
999 _c568692
_d568692